000 00364 a2200145 4500
001 181728
020 _a
040 _cMagnum
100 _aCosta, Dirce Maura Lucchetti da
240 1 0 _aBrincando com passado/futuro/presente - 1
_lpor
245 1 0 _aBrincando com passado/futuro/presente - 1
362 0 _a1899
697 _aMAGNITO: PARADIDATICO
942 _cBK
999 _c181728
_d181728